000 00645cas a2200241 a 4500
999 _c118869
_d118869
001 16973966
005 20201007091158.0
008 091007c20109999nyugr 0 a0eng c
020 _a9781260566666
040 _cPK-LaUMT
082 0 0 _a612
_bGAN-
245 0 0 _aGanong's review of medical physiology /
_cby Kim E. Barrett . . . [eta l.]
260 _aNew York :
_bMcGraw-Hill Medical,
_c2019
300 _a742 p.
500 _a"A Lange medical book."
650 0 _aHuman physiology
650 0 _aPhysiology
650 2 _aPhysiology
650 2 _aPhysiology.
650 7 _aHuman physiology.
650 7 _aPhysiology.
942 _cBK